|
|
|
|
| LEADER |
02341nam a2200625 4500 |
| 001 |
ocn870286193 |
| 003 |
OCoLC |
| 005 |
20170124071731.2 |
| 006 |
m o d |
| 007 |
cr ||||||||||| |
| 008 |
140207s2014 enka ob 001 0 eng d |
| 040 |
|
|
|a BTCTA
|b eng
|e rda
|e pn
|c BTCTA
|d BDX
|d YDXCP
|d CUS
|d DG1
|d N$T
|d OCLCF
|d DEBSZ
|d OCLCQ
|d OCLCA
|d COO
|d GrThAP
|
| 019 |
|
|
|a 961565460
|a 962660253
|
| 020 |
|
|
|a 9781118891568
|q (electronic bk.)
|
| 020 |
|
|
|a 1118891562
|q (electronic bk.)
|
| 020 |
|
|
|a 9781118891575
|q (electronic bk.)
|
| 020 |
|
|
|a 1118891570
|q (electronic bk.)
|
| 020 |
|
|
|z 9781118891513
|
| 020 |
|
|
|z 1118891511
|
| 029 |
1 |
|
|a CHBIS
|b 010442137
|
| 029 |
1 |
|
|a CHVBK
|b 334085454
|
| 029 |
1 |
|
|a DEBSZ
|b 425910997
|
| 029 |
1 |
|
|a DEBSZ
|b 431869839
|
| 029 |
1 |
|
|a NZ1
|b 15753487
|
| 029 |
1 |
|
|a NZ1
|b 15907004
|
| 029 |
1 |
|
|a DEBBG
|b BV042743797
|
| 029 |
1 |
|
|a DEBSZ
|b 449476065
|
| 029 |
1 |
|
|a DEBBG
|b BV043615773
|
| 029 |
1 |
|
|a DEBBG
|b BV043396548
|
| 035 |
|
|
|a (OCoLC)870286193
|z (OCoLC)961565460
|z (OCoLC)962660253
|
| 050 |
|
4 |
|a HG6024.A3
|
| 072 |
|
7 |
|a BUS
|x 027000
|2 bisacsh
|
| 082 |
0 |
4 |
|a 332.63/2
|2 23
|
| 049 |
|
|
|a MAIN
|
| 100 |
1 |
|
|a Gregory, Jon,
|d 1971-
|e author.
|
| 245 |
1 |
0 |
|a Central counterparties :
|b mandatory clearing and bilateral margin requirements for OTC derivatives /
|c Jon Gregory.
|
| 264 |
|
1 |
|a Chichester, West Sussex :
|b Wiley,
|c 2014.
|
| 300 |
|
|
|a 1 online resource (xvi, 310 pages).
|
| 336 |
|
|
|a text
|b txt
|2 rdacontent
|
| 337 |
|
|
|a computer
|b c
|2 rdamedia
|
| 338 |
|
|
|a online resource
|b cr
|2 rdacarrier
|
| 490 |
1 |
|
|a Wiley finance series
|
| 504 |
|
|
|a Includes bibliographical references and index.
|
| 588 |
0 |
|
|a Online resource; title from PDF title page (Wiley, viewed July 14, 2014).
|
| 650 |
|
0 |
|a Derivative securities.
|
| 650 |
|
0 |
|a Over-the-counter markets.
|
| 650 |
|
7 |
|a BUSINESS & ECONOMICS
|x Finance.
|2 bisacsh
|
| 650 |
|
7 |
|a Derivative securities.
|2 fast
|0 (OCoLC)fst00891019
|
| 650 |
|
7 |
|a Over-the-counter markets.
|2 fast
|0 (OCoLC)fst01049303
|
| 655 |
|
4 |
|a Electronic books.
|
| 655 |
|
0 |
|a Electronic books.
|
| 776 |
0 |
8 |
|i Print version:
|a Gregory, Jon, Ph. D.
|t Central counterparties.
|d Chichester, West Sussex : Wiley, 2014
|z 9781118891513
|w (OCoLC)881139132
|
| 830 |
|
0 |
|a Wiley finance series.
|
| 856 |
4 |
0 |
|u https://doi.org/10.1002/9781118891568
|z Full Text via HEAL-Link
|
| 994 |
|
|
|a 92
|b DG1
|